00727nam a2200181 a 450000100100000000500170001000800410002702000180006804000250008608200170011110000400012824500580016826000380022630000280026495201150029295201210040799900170052800004427220201002045247.0140612s2005 dr a 000 0 spa d a9789993455868 aDO-SdBNPbspacBNPHU axxxxxbxxxxx1 aLeón Miranda, Leonardo, de97227610aPrisionero en el mundo /cLeonardo de León Miranda. aSanto Domingo :bCorripio,c2005. a314 p. :bil. ;c17 cm. 0010718PDaPDbPDcHDd2014-06-12iLF1l0oxxxxx xxxxxp44272-10r2020-06-25w2020-06-25yLFPDZNo se presta 0010718PDaPDbPDcHDd2014-06-12iLF1l0oxxxxx xxxxxp44272-20r2020-06-25te. 2w2020-06-25yLFPDZNo se presta c43761d43761